00331nam a2200121Ia 4500008004100000020001400041050001500055100002100070245004100091260004000132300002400172650001300196150202s9999 xx 000 0 und d a373222866 aFIC bFIC  aDawson, Saranne. aIn self defesnse /cSaranne Dawson. aNew York :bHarlequin Books,c1994. a249 pages :c18 cm. aFiction.